00402nam a22001337a 4500008004100000020001800041040005500059080001900114245005200133260004600185300001100231650001100242653001500253230627b |||||||| |||| 00| 0 eng d a0-19-568443-5 aNational Science LibrarycNational Science Library aR 912(540)bQ0 aOxford reference atlas for India and the world  aOxford: bOxford University Press, c2010 a311p.  aAtlas  aGeography